El oficio de sociólogo: presupuestos epistemológicos

Saved in:
Bibliografiske detaljer
Hovedforfatter: Bourdieu, Pierre
Andre forfattere: Chamboredon, Jean-Claude, Passeron, Jean-Claude
Format: Bog
Sprog:spansk
Udgivet: Ciudad de México, México Siglo Veintiuno 2008
Udgivelse:Segunda edición
Serier:Sociología y Política
Fag:
Tags: Tilføj Tag
Ingen Tags, Vær først til at tagge denne postø!

MARC

LEADER 00000nam a2200000 a 4500
001 UCG6427
003 CL-VaPUC
005 20241212091159.0
008 110421e20080000MX |||||||||||||||||spa|d
999 |c 344675  |d 344673 
020 |a 9786073000178 
040 |c Pontificia Universidad Católica de Valparaíso 
082 0 4 |a 301 BOU 2008  |2 21 
100 0 |a Bourdieu, Pierre  |9 308635 
245 1 3 |a El oficio de sociólogo: presupuestos epistemológicos 
250 |a Segunda edición 
260 0 3 |a Ciudad de México, México  |b Siglo Veintiuno  |c 2008 
300 |a 423 páginas 
490 0 |a Sociología y Política 
583 |a last modification  |c 20110421 00:00:00  |k Rodrigo Vera 
600 0 7 |a WEBER, MAX  |2 CL-VaPUC  |9 314708 
600 0 7 |a DURKHEIM, EMILE  |2 CL-VaPUC  |9 314700 
600 0 7 |a CANGUILHEM, GEORGE  |2 CL-VaPUC  |9 556648 
600 0 7 |a HJEMSLEV, LOUIS  |2 CL-VaPUC  |9 556649 
600 0 |a Marx, Karl Heinrich,  |d 1818-1883  |9 861123 
650 0 |a Sociología   |9 255410 
650 7 |a SOCIOLOGOS  |2 CL-VaPUC  |9 307715 
650 0 |a Investigación social   |9 307814 
650 0 |a Racionalismo  |9 259116 
650 0 |a Sociología del conocimiento  |9 308651 
650 0 |a Epistemología   |9 264994 
700 0 |a Chamboredon, Jean-Claude  |9 556646 
700 0 |a Passeron, Jean-Claude  |9 556647 
942 |c BK  |2 ddc 
945 |d 20110421 00:00:00  |a jcampos 
952 |0 0  |1 0  |2 ddc  |4 0  |6 301_000000000000000_BOU_2008  |7 0  |8 A  |9 442803  |a BIBHIS  |b BIBHIS  |d 2019-11-22  |i 4769333  |o 301 BOU 2008  |p 4769333  |r 2025-01-20  |t 1  |w 2019-11-22  |y BK  |k HIS